000 00423pab a2200157 454500
008 180718b2014 xxu||||| |||| 00| 0 eng d
100 _aO'Brien, John
245 _aIndia and the great war: India office records and private papers relating to the first world war, 1914-1918
260 _c2014
300 _ap.91-111.
362 _aJan-Mar
650 _aWar
773 _aUSI Journal
908 _aN
909 _a104286
999 _c104282
_d104282